| 000 | 00695cam a2200253 4500500 | ||
|---|---|---|---|
| 005 | 20260329003624.0 | ||
| 041 | _afre | ||
| 042 | _adc | ||
| 100 | 1 | 0 |
_aEchchihab, Camélia _eauthor |
| 245 | 0 | 0 | _aLa fragilité fait de la résistance |
| 260 | _c2016. | ||
| 500 | _a1 | ||
| 690 | _aFaiblesse | ||
| 690 | _aForce | ||
| 690 | _aFragilité | ||
| 690 | _aLutte | ||
| 690 | _aMaladie | ||
| 690 | _aMiguel Benasayag | ||
| 690 | _aMort | ||
| 690 | _aRésistance | ||
| 690 | _aViolence | ||
| 786 | 0 | _nPhilosophie magazine | 98 | 4 | 2016-04-01 | p. 33-36 | 1951-1787 | |
| 856 | 4 | 1 | _uhttps://shs.cairn.info/magazine-philosophie-magazine-2016-4-page-33?lang=fr&redirect-ssocas=7080 |
| 999 |
_c1826118 _d1826118 |
||